| 000 | 00853nam a22002177a 4500 | ||
|---|---|---|---|
| 999 |
_c7852 _d7852 |
||
| 003 | AR-CdUCM | ||
| 008 | 190321b ||||| |||| 00| 0 spa d | ||
| 020 | _a968-18-0345-0 | ||
| 040 |
_aMUNICIPALIDAD PROVINCIAL DEL CUSCO _cBIBLIOTECA MUNICIPAL DEL CUSCO |
||
| 041 | _heng | ||
| 082 |
_a574.5 / _bC71 |
||
| 100 |
_aColinvaux, Paul A. _922205 |
||
| 245 | _aIntroducción a la ecología / | ||
| 260 |
_aMéxico : _bLimusa, _c1997. |
||
| 300 |
_a679 páginas ; _bIlustraciones, _c25.5 cm. |
||
| 500 | _aTitulo original: Introduction to ecology. | ||
| 505 | _aEl aspecto ecológico de la geografía -- Animales y plantas como parte de los sistemas naturales -- La regulación natural de las poblaciones -- El patrón de la vida considerada desde el punto de vista de la evolución. | ||
| 650 |
_aEcología _94960 |
||
| 942 |
_2ddc _cLIBROS |
||
| 945 | _aacv | ||